Statistics for All 1M Cities in 1980 Map Quiz

Click here to take the quiz!

General Stats

  • This quiz has been taken 138 times
  • The average score is 166 of 196

Answers on the Map

Answers color-coded by a green-red scale on the quiz's map according to % correct below.
 

Answer Stats

Pop (K)City% Correct
15,601New York
99%
9,512Los Angeles
98%
7,216Chicago
97%
13,028Mexico City
97%
28,549Tokyo
97%
9,920Buenos Aires
96%
1,913Havana
96%
6,751London
96%
3,122Miami
96%
8,784Rio de Janeiro
96%
3,056Berlin
95%
7,349Cairo
95%
2,424Houston
95%
2,824Montréal
95%
8,136Moscow
95%
17,028Osaka
95%
8,669Paris
95%
5,366Peking
95%
2,656San Francisco
95%
3,721Santiago
95%
12,089São Paulo
95%
3,008Toronto
95%
1,625Atlanta
94%
3,281Boston
94%
2,468Dallas
94%
5,587Delhi
94%
4,397Istanbul
94%
4,645Leningrad
94%
2,449Lisbon
94%
4,253Madrid
94%
3,168Milan
94%
4,540Philadelphia
94%
1,422Phoenix
94%
3,390Rome
94%
1,780Seattle
94%
3,252Sydney
94%
2,777Washington
94%
2,987Athens
93%
1,654Brussels
93%
1,609Cape Town
93%
3,807Detroit
93%
4,497Hong Kong
93%
4,438Lima
93%
2,343Manchester
93%
2,186Naples
93%
1,718San Diego
93%
8,244Seoul
93%
5,928Shanghai
93%
2,412Singapore
93%
1,247Vancouver
93%
1,565Warsaw
93%
2,521Alexandria
92%
1,891Ankara
92%
3,145Baghdad
92%
4,723Bangkok
92%
3,837Barcelona
92%
2,357Birmingham
92%
3,525Bogota
92%
1,870Canton
92%
1,356Denver
92%
5,984Jakarta
92%
1,555Johannesburg
92%
1,067Liverpool
92%
1,077New Orleans
92%
1,030Portland
92%
1,104Porto
92%
1,539Vienna
92%
9,200Bombay
91%
1,865Bucharest
91%
2,057Budapest
91%
2,575Caracas
91%
1,096Copenhagen
91%
1,728Glasgow
91%
2,716Ho Chi Minh City
91%
2,839Melbourne
91%
1,794Minneapolis
91%
1,454Montevideo
91%
2,247Taipei
91%
1,362Tampa
91%
1,621Algiers
90%
1,749Baltimore
90%
1,073Belgrade
90%
5,048Karachi
90%
2,572Lagos
90%
1,278Lyon
90%
1,372Marseille
90%
1,299Munich
90%
1,179Prague
90%
5,079Tehran
90%
1,356Tel Aviv
90%
1,047Tunis
90%
1,175Addis Ababa
89%
1,293Brasília
89%
2,109Casablanca
89%
1,652Hamburg
89%
2,201Kyiv
89%
2,882Lahore
89%
4,187Madras
89%
5,955Manila
89%
1,055Riyadh
89%
1,851St. Louis
89%
2,516Wuhan
89%
1,135Brisbane
88%
9,100Calcutta
88%
1,751Cleveland
88%
1,376Damascus
88%
2,269Guadalajara
88%
2,053Kinshasa
88%
1,074Sofia
88%
1,574Baku
87%
2,812Bangalore
87%
3,266Dacca
87%
1,152Guatemala City
87%
1,496Leeds
87%
2,049Monterrey
87%
1,204San Jose
87%
1,210Santo Domingo
87%
1,164Khartoum
86%
7,777Nagoya
86%
1,860Turin
86%
1,623Beirut
85%
2,441Belo Horizonte
85%
2,487Hyderabad
85%
1,731Medellín
85%
1,320Minsk
85%
1,807Pittsburgh
85%
1,842Pyongyang
85%
2,122Recife
85%
1,258San Juan
85%
1,996Sapporo
85%
1,001Buffalo
84%
1,825Hiroshima
84%
1,207Milwaukee
84%
2,906Pusan
84%
1,384Abidjan
83%
1,070Aleppo
83%
1,214Durban
83%
1,216Izmir
83%
1,054Odesa
83%
1,683Salvador
83%
1,818Tashkent
83%
1,090Tbilisi
83%
3,750Tientsin
83%
1,042Yerevan
83%
2,484Ahmedabad
82%
2,378Rangoon
82%
2,150Chengtu
81%
1,340Chittagong
81%
1,466Kharkiv
81%
2,290Porto Alegre
81%
1,231Cincinnati
80%
1,992Harbin
80%
1,075Kansas City
80%
1,642Pune
80%
2,961Chungking
79%
1,192Cali
78%
1,350Kano
78%
4,726Fukuoka
77%
1,120Guayaquil
77%
1,178Sian
77%
1,010Cordoba
76%
2,008Surabaya
76%
1,069Virginia Beach
76%
1,452Bandung
74%
1,033Donetsk
74%
1,329Novosibirsk
74%
1,357Gorky
73%
1,731Nanking
73%
1,488Fortaleza
71%
1,231Sverdlovsk
71%
1,081Dnipropetrovsk
70%
3,418Mukden
70%
1,032Omsk
70%
1,186Ibadan
69%
1,021Puebla
67%
1,007Kazan
66%
1,136Hangchow
65%
1,340Medan
64%
1,310Curitiba
63%
1,731Sendai
63%
1,011Perm
62%
1,582Taegu
62%
1,095Tsingtao
62%
1,046Chelyabinsk
60%
1,221Kuybyshev
59%
1,424Lüta
58%
1,062Incheon
56%
1,109Campinas
53%
1,079Faisalabad
52%
1,612Kanpur
52%
1,655Changchun
50%
1,273Nagpur
50%
1,260Tsinan
45%
1,009Semarang
42%
1,033Lanchow
39%
1,106Taiyuan
35%

Score Distribution

Percentile by Number Answered

Percent of People with Each Score

Your Score History

You have not taken this quiz